Statistics for Guess the Premier League Player 2021 Part 3

Click here to take the quiz!

General Stats

  • This quiz has been taken 85 times
  • The average score is 12 of 15

Answer Stats

Answer% Correct
Marcus Rashford
99%
Sadio Mane
96%
Dele Alli
95%
Sergio Aguero
94%
David Luiz
91%
Phil Foden
91%
Mason Greenwood
87%
Callum Hudson-Odoi
75%
Alisson Becker
73%
Ross Barkley
71%
Gary Cahill
68%
Ruben Loftus-Cheek
67%
Dominic Calvert-Lewin
61%
Robert Sanchez
51%
Helder Costa
44%

Score Distribution

Percentile by Number Answered

Percent of People with Each Score

Your Score History

You have not taken this quiz